| 000 | 01077nam a2200205Ia 4500 | ||
|---|---|---|---|
| 003 | Ost | ||
| 005 | 20260507075724.0 | ||
| 008 | 260507s9999||||xx |||||||||||||| ||und|| | ||
| 040 | _cfsecg | ||
| 041 | _aara | ||
| 082 | _a382 | ||
| 100 |
_aشيحة، مصطفى رشدي _eمؤلف |
||
| 245 | 0 |
_aاتفاقات التجارة العالمية في عصر العولمة / _c مصطفى رشدي شيحة |
|
| 260 |
_aالاسكندرية: _bدار الجامعة الجديدة, _c2004 |
||
| 300 |
_a235 صفحة؛ _bإيضاحات ؛ _c24 سم |
||
| 520 | _aالمعالم والمفاهيم الأساسية لإتفاقية التجارة الدولية،قواعد تحرير التجارة وإزالة القيود(المبادئ الحاكمة)،الشروط والمجبرات التي تعمل في إطار قواعد حرية التجارة،معالم الإتفاقية العامة للتجارة في الخدمات (الجاتز(GATS)) | ||
| 653 | _aالاتفاقيات التجارية | ||
| 653 | _aالتجارة الخارجية | ||
| 942 | _cكتاب | ||
| 999 |
_c45958 _d45958 |
||